| 000 | 00921nam a2200205 a 4500 | ||
|---|---|---|---|
| 001 | BRCA_7309 | ||
| 005 | 20190320205804.0 | ||
| 008 | 060612s2011----mx-a######---#000-0#spa-# | ||
| 020 | _a9786074951622 | ||
| 041 | _aspa | ||
| 044 | _amx | ||
| 050 | 4 |
_aNK7114 _b.P53 2011 |
|
| 245 | 1 | 0 |
_aPlata _bforjando México. |
| 260 |
_aMéxico _bConsejo Editorial de la Administración Pública Estatal : Secretaría de Educación del Estado de México : Gobierno del Estado de México _c2011 |
||
| 300 |
_a597 p. _bil. a color _c29 cm. |
||
| 500 | _aIncluye piezas de la colección Franz Mayer: p. [3], 37, 43, 66, 75, 77, 144, 147-148, 150, 170, 173-174, 177, 181-183, 187-189, 191-192, 206-208, 210, 212, 215, 218-219, 289, 332-333, 335, 340-342, 358, 365-366, 368, 373, 437-438, 440, 444, 458, 464, 467, 472, 495, 506, 509 y [610-612] | ||
| 650 | 1 | 4 |
_aPlata _xHistoria _zMéxico _9725 |
| 650 | 1 | 4 |
_aPlatería _92745 |
| 942 |
_2lcc _cB |
||
| 999 |
_c6985 _d6985 |
||